书目信息 |
| 题名: |
海滨故人
|
|
| 作者: | 庐隐 著 | |
| 分册: | ||
| 出版信息: | 北京 人民文学出版社 1985.12 |
|
| 页数: | 206页 | |
| 开本: | 32开 | |
| 丛书名: | ||
| 单 册: | ||
| 中图分类: | I246.7 | |
| 科图分类: | ||
| 主题词: | 小说--中国 | |
| 电子资源: | ||
| ISBN: | 7-02-002695-8 | |
| 000 | 00516nam0 2200193 45 | |
| 001 | 0009271837 | |
| 005 | 20001021145720.7 | |
| 010 | @a7-02-002695-8@d7.70元 | |
| 100 | @a20000927d1985 km y0chiy0120 ea | |
| 101 | 0 | @achi |
| 105 | @a z 000yy | |
| 200 | 1 | @a海滨故人@AHai Bin Gu Ren@f庐隐 著@FLu Yin Zhu |
| 210 | @a北京@c人民文学出版社@d1985.12 | |
| 215 | @a206页@d32开 | |
| 606 | 0 | @a小说@x中国 |
| 690 | @aI246.7@v3 | |
| 701 | 0 | @a庐隐@4著 |
| 801 | @aCN@bPftUser@c20000927 | |
| 905 | @dI246.7@eL.491@b180131-135@f5 | |
| 海滨故人/庐隐 著.-北京:人民文学出版社,1985.12 |
| 206页;32开 |
| ISBN 7-02-002695-8:7.70元 |
| ● |
| 相关链接 |
|
|
|
正题名:海滨故人
索取号:I246.7/L.491
 
预约/预借
| 序号 | 登录号 | 条形码 | 馆藏地/架位号 | 状态 | 备注 |
| 1 | 180131 | 201801318 | 文学库108/108文学库 24排6列3层/ [索取号:I246.7/L.491] | 在馆 | |
| 2 | 180132 | 201801327 | 文学库108/108文学库 24排6列3层/ [索取号:I246.7/L.491] | 在馆 | |
| 3 | 180133 | 201801336 | 文学库108/108文学库 24排6列3层/ [索取号:I246.7/L.491] | 在馆 | |
| 4 | 180134 | 201801345 | 文学库108/108文学库 24排7列1层/ [索取号:I246.7/L.491] | 在馆 | |
| 5 | 180135 | 201801354 | 文学库108/108文学库 24排7列1层/ [索取号:I246.7/L.491] | 在馆 |